Super Bowl Halftime Performers - Sudden Death - Statistics

General Stats
  • This quiz has been taken 1,282 times
  • The average score is 7 of 15
Answers on the Grid
Answers color-coded by a green-red scale on the quiz's grid according to % correct below.
Adele
Backstreet Boys
Bruno Mars
Coldplay
David Bowie
Dr. Dre
Drake
Ed Sheeran
Gloria Estefan
Green Day
Gwen Stefani
Janet Jackson
Johnny Cash
Justin Bieber
Justin Timberlake
Katy Perry
Lady Gaga
Lil Wayne
Mariah Carey
Michael Jackson
New Kids on the Block
Outkast
Prince
Shakira
Spice Girls
Taylor Swift
The Beatles
The Black Eyed Peas
The Police
Tom Jones
Tupac Shakur
U2
Usher
 
Answer Stats
Answer % Correct
Bruno Mars
72%
Coldplay
66%
Dr. Dre
66%
Justin Timberlake
60%
Katy Perry
55%
Usher
55%
Michael Jackson
53%
Janet Jackson
51%
Shakira
48%
Lady Gaga
46%
Prince
42%
The Black Eyed Peas
35%
U2
28%
Gloria Estefan
10%
New Kids on the Block
7%
No matching quizzes found
Score Distribution
Percent of People with Each Score
Percentile by Number Answered
Your Score History
You have not taken this quiz